Statistics for Guess The Colourless Flags

Click here to take the quiz!

General Stats

  • This quiz has been taken 45 times
  • The average score is 6 of 8

Answer Stats

Answer% Correct
USA
100%
Australia
90%
Serbia
90%
Russia
78%
Senegal
71%
Liechtenstein
68%
Monaco
68%
Kiribati
63%

Score Distribution

Percentile by Number Answered

Percent of People with Each Score

Your Score History

You have not taken this quiz